[Event "European Team-ch 2007"]
[Site "Crete GRE"]
[Date "2007.11.04"]
[Round "7.13"]
[White "Gelashvili, Tamaz"]
[Black "Jianu, Vlad-Cristian"]
[Result "1/2-1/2"]
[WhiteElo "2623"]
[BlackElo "2535"]
[PlyCount "60"]
[EventDate "2007.10.28"]
[EventType "team"]
[EventRounds "9"]
[EventCountry "GRE"]
[Source "lmi"]
[SourceDate "2007.10.28"]
[WhiteTeam "Georgia"]
[BlackTeam "Romania"]
[WhiteTeamCountry "GEO"]
[BlackTeamCountry "ROM"]

1. e4 c5 2. b3 d6 3. Bb2 Nf6 4. Bb5+ Bd7 5. Bxd7+ Qxd7 6. Nc3 g6 7. Nd5 Bg7 8.
Nxf6+ exf6 9. Qf3 Qd8 10. Ne2 O-O 11. Nf4 Nc6 12. Nd5 f5 13. Bxg7 Kxg7 14. exf5
Re8+ 15. Kf1 Nd4 16. f6+ Kh8 17. Qd3 Re5 18. c4 Qd7 19. h4 Rae8 20. h5 g5 21.
Rh3 g4 22. Re3 Rxh5 23. Kg1 Rg8 24. Rae1 Nf3+ 25. Rxf3 gxf3 26. Qxf3 Re5 27.
Rxe5 dxe5 28. Ne7 Qg4 29. Qd5 Qd1+ 30. Kh2 Qh5+ 1/2-1/2

[Event "European Team-ch 2007"]
[Site "Crete GRE"]
[Date "2007.11.04"]
[Round "7.13"]
[White "Berescu, Alin"]
[Black "Pantsulaia, Levan"]
[Result "0-1"]
[WhiteElo "2508"]
[BlackElo "2617"]
[PlyCount "152"]
[EventDate "2007.10.28"]
[EventType "team"]
[EventRounds "9"]
[EventCountry "GRE"]
[Source "lmi"]
[SourceDate "2007.10.28"]
[WhiteTeam "Romania"]
[BlackTeam "Georgia"]
[WhiteTeamCountry "ROM"]
[BlackTeamCountry "GEO"]

1. e4 c6 2. d4 d5 3. Nc3 dxe4 4. Nxe4 Bf5 5. Ng3 Bg6 6. h4 h6 7. Nf3 Nd7 8. h5
Bh7 9. Bd3 Bxd3 10. Qxd3 e6 11. Bf4 Qa5+ 12. Bd2 Qc7 13. O-O-O O-O-O 14. Ne4
Ngf6 15. g3 Nxe4 16. Qxe4 Nf6 17. Qe2 Bd6 18. c4 c5 19. Bc3 cxd4 20. Nxd4 a6
21. Kb1 Rd7 22. Rc1 Kb8 23. f4 Rhd8 24. Nf3 Qc5 25. Ne5 Bxe5 26. fxe5 Nh7 27.
b3 Ng5 28. Kb2 Qc6 29. Rhd1 Ne4 30. Rxd7 Rxd7 31. Qf3 Nc5 32. Qxc6 bxc6 33. Rf1
Ne4 34. Rf3 c5 35. Kc2 Kc7 36. Be1 f6 37. exf6 gxf6 38. g4 e5 39. a3 Rg7 40.
Bd2 Rxg4 41. Bxh6 Kd7 42. Rh3 Rg2+ 43. Kc1 f5 44. Be3 Rg7 45. h6 Rh7 46. b4
cxb4 47. axb4 f4 48. Ba7 Nd6 49. Bb8 Nxc4 50. Rc3 Rh8 51. Rxc4 Rxb8 52. Kd2 Kd6
53. Kd3 Rh8 54. Ke4 Rxh6 55. Rc5 Rh1 56. Rd5+ Kc6 57. Rc5+ Kb6 58. Kxe5 f3 59.
Rc2 Kb5 60. Kf4 Kxb4 61. Kxf3 Re1 62. Rb2+ Ka3 63. Rb6 a5 64. Kf2 Re8 65. Ra6
a4 66. Ra7 Kb3 67. Rb7+ Ka2 68. Ra7 a3 69. Rb7 Ka1 70. Ra7 a2 71. Rb7 Rc8 72.
Ke2 Rc1 73. Kd2 Rb1 74. Ra7 Kb2 75. Rb7+ Ka3 76. Ra7+ Kb3 0-1

[Event "European Team-ch 2007"]
[Site "Crete GRE"]
[Date "2007.11.04"]
[Round "7.13"]
[White "Arutinian, David"]
[Black "Murariu, Andrei"]
[Result "1/2-1/2"]
[WhiteElo "2574"]
[BlackElo "2503"]
[PlyCount "80"]
[EventDate "2007.10.28"]
[EventType "team"]
[EventRounds "9"]
[EventCountry "GRE"]
[Source "lmi"]
[SourceDate "2007.10.28"]
[WhiteTeam "Georgia"]
[BlackTeam "Romania"]
[WhiteTeamCountry "GEO"]
[BlackTeamCountry "ROM"]

1. d4 d5 2. c4 c6 3. Nf3 Nf6 4. Qb3 dxc4 5. Qxc4 e6 6. Bg5 h6 7. Bh4 b5 8. Qc2
Bb7 9. e3 Nbd7 10. Bd3 Rc8 11. Qe2 a6 12. a4 c5 13. axb5 c4 14. Bc2 axb5 15.
O-O Qb6 16. Rd1 Be7 17. e4 b4 18. Bxf6 Nxf6 19. Nbd2 b3 20. Bb1 c3 21. bxc3
Rxc3 22. Nc4 Qb4 23. Nb2 O-O 24. Ra4 Qb6 25. Ne5 Qc7 26. Nec4 Bc6 27. Qd2 Rc2
28. Bxc2 Bxa4 29. Bd3 Bc6 30. Qe3 Ra8 31. f3 Qb7 32. Bf1 Nd7 33. Rd3 Rb8 34.
Na5 Qb6 35. Nxc6 Qxc6 36. Rxb3 Rxb3 37. Qxb3 Qd6 38. Qc3 e5 39. Nd3 Qxd4+ 40.
Qxd4 exd4 1/2-1/2

[Event "European Team-ch 2007"]
[Site "Crete GRE"]
[Date "2007.11.04"]
[Round "7.14"]
[White "Kozul, Zdenko"]
[Black "Nielsen, Peter Heine"]
[Result "1-0"]
[WhiteElo "2609"]
[BlackElo "2626"]
[PlyCount "127"]
[EventDate "2007.10.28"]
[EventType "team"]
[EventRounds "9"]
[EventCountry "GRE"]
[Source "lmi"]
[SourceDate "2007.10.28"]
[WhiteTeam "Croatia"]
[BlackTeam "Denmark"]
[WhiteTeamCountry "CRO"]
[BlackTeamCountry "DEN"]

1. d4 d5 2. c4 c6 3. Nc3 Nf6 4. e3 e6 5. Nf3 Nbd7 6. Bd3 dxc4 7. Bxc4 b5 8. Bd3
a6 9. e4 c5 10. d5 Qc7 11. O-O Bb7 12. Bg5 Bd6 13. Rc1 Bf4 14. Bxf4 Qxf4 15. a4
c4 16. Bb1 exd5 17. e5 Nxe5 18. Nxe5 Qxe5 19. Re1 Ne4 20. axb5 axb5 21. Nxb5
O-O 22. Bxe4 dxe4 23. Nd6 Rad8 24. Nxc4 Qe6 25. Qh5 Rd5 26. Qh4 Rb5 27. Qg3 Bd5
28. Ne3 Ba8 29. Re2 Qe5 30. Qxe5 Rxe5 31. b4 g6 32. h4 Bb7 33. Ra2 Rb5 34. Rc4
Rb8 35. Ra5 Rb6 36. b5 Kg7 37. Rc5 Rd6 38. Ra7 Bc8 39. Nd5 Bf5 40. Kh2 Bd7 41.
Nc3 Rd3 42. Nxe4 Rd4 43. Rcc7 Rxe4 44. Rxd7 Rf4 45. Kg3 Rf6 46. Rd5 Rc8 47. Ra3
Rc2 48. Rf3 Rb2 49. h5 Rxf3+ 50. Kxf3 Kf6 51. Rc5 Ke6 52. h6 Kd6 53. Rc6+ Ke5
54. b6 g5 55. Kg4 f6 56. g3 Rb4+ 57. Kh5 Kf5 58. Rc5+ Ke6 59. Rc7 Rxb6 60. Rxh7
Rb2 61. Kg6 Rxf2 62. Rf7 Ke5 63. h7 Rh2 64. Rf8 1-0

[Event "European Team-ch 2007"]
[Site "Crete GRE"]
[Date "2007.11.04"]
[Round "7.14"]
[White "Hansen, Lars Bo"]
[Black "Palac, Mladen"]
[Result "1-0"]
[WhiteElo "2572"]
[BlackElo "2567"]
[PlyCount "41"]
[EventDate "2007.10.28"]
[EventType "team"]
[EventRounds "9"]
[EventCountry "GRE"]
[Source "lmi"]
[SourceDate "2007.10.28"]
[WhiteTeam "Denmark"]
[BlackTeam "Croatia"]
[WhiteTeamCountry "DEN"]
[BlackTeamCountry "CRO"]

1. d4 d5 2. Nf3 Nf6 3. c4 e6 4. Nc3 c6 5. e3 Nbd7 6. Bd3 dxc4 7. Bxc4 b5 8. Bd3
Bb7 9. e4 b4 10. Na4 c5 11. e5 Nd5 12. O-O cxd4 13. Re1 g6 14. Bg5 Qa5 15. Nd2
Rc8 16. Nc4 Rxc4 17. Bxc4 Bg7 18. Rc1 Nxe5 19. Nc5 Qxc5 20. Ba6 Nc3 21. Bxb7
1-0

[Event "European Team-ch 2007"]
[Site "Crete GRE"]
[Date "2007.11.04"]
[Round "7.14"]
[White "Zelcic, Robert"]
[Black "Schandorff, Lars"]
[Result "1/2-1/2"]
[WhiteElo "2578"]
[BlackElo "2520"]
[PlyCount "91"]
[EventDate "2007.10.28"]
[EventType "team"]
[EventRounds "9"]
[EventCountry "GRE"]
[Source "lmi"]
[SourceDate "2007.10.28"]
[WhiteTeam "Croatia"]
[BlackTeam "Denmark"]
[WhiteTeamCountry "CRO"]
[BlackTeamCountry "DEN"]

1. e4 e5 2. Nf3 Nc6 3. d4 exd4 4. Nxd4 Bc5 5. Be3 Qf6 6. c3 Nge7 7. Bc4 Ne5 8.
Be2 Qg6 9. O-O d6 10. f3 O-O 11. Kh1 f5 12. Nd2 Bb6 13. f4 N5c6 14. Bd3 Bxd4
15. Bxd4 Nxd4 16. cxd4 fxe4 17. Bxe4 Qf6 18. Nf3 h6 19. f5 Bxf5 20. Nh4 Qe6 21.
Nxf5 Qxe4 22. Qb3+ Kh7 23. Nxe7 Qxe7 24. Qxb7 Rab8 25. Qxa7 Rxf1+ 26. Rxf1 Rxb2
27. h3 Qe2 28. Rg1 Rxa2 29. Qxc7 d5 30. Qf4 Qh5 31. Rf1 Qg6 32. Qf3 Qf6 33.
Qf5+ Qxf5 34. Rxf5 Ra5 35. h4 Kg8 36. Kh2 g6 37. Re5 Kf7 38. Kg3 Kf6 39. h5 g5
40. Kf3 Ra3+ 41. Kg4 Ra5 42. g3 Rb5 43. Rf5+ Ke6 44. Re5+ Kf6 45. Rf5+ Ke6 46.
Re5+ 1/2-1/2

[Event "European Team-ch 2007"]
[Site "Crete GRE"]
[Date "2007.11.04"]
[Round "7.14"]
[White "Rasmussen, Karsten"]
[Black "Jankovic, Alojzije"]
[Result "1-0"]
[WhiteElo "2495"]
[BlackElo "2548"]
[PlyCount "143"]
[EventDate "2007.10.28"]
[EventType "team"]
[EventRounds "9"]
[EventCountry "GRE"]
[Source "lmi"]
[SourceDate "2007.10.28"]
[WhiteTeam "Denmark"]
[BlackTeam "Croatia"]
[WhiteTeamCountry "DEN"]
[BlackTeamCountry "CRO"]

1. d4 Nf6 2. c4 g6 3. g3 Bg7 4. Bg2 d5 5. cxd5 Nxd5 6. Nf3 Nb6 7. Nc3 Nc6 8. e3
O-O 9. O-O Re8 10. Re1 a5 11. b3 e5 12. Nxe5 Nxe5 13. dxe5 Bxe5 14. Bb2 c6 15.
Qe2 Qe7 16. Rad1 a4 17. Ne4 axb3 18. Bxe5 Qxe5 19. axb3 Nd5 20. Qc4 Ra2 21. Qd4
Bf5 22. Qxe5 Rxe5 23. Nd6 Bc2 24. Ra1 Rxa1 25. Rxa1 b5 26. e4 Nb4 27. f4 Re7
28. Ra8+ Kg7 29. Ne8+ Rxe8 30. Rxe8 Bxb3 31. Rc8 Be6 32. Rc7 Kf8 33. f5 gxf5
34. exf5 Bxf5 35. Bxc6 Nxc6 36. Rxc6 Kg7 37. Kf2 Be6 38. Rb6 Bc4 39. Ke3 Bf1
40. Kf4 h6 41. Ke5 Bc4 42. Rf6 Ba2 43. Rf4 Be6 44. Kd6 Kf8 45. Rh4 Kg7 46. Ke7
Kg6 47. Kf8 Bc4 48. Rg4+ Kf6 49. Kg8 Be6 50. Re4 Kg6 51. Rd4 h5 52. Kf8 Kf6 53.
Rf4+ Kg6 54. Ke7 Kg5 55. Kd6 Kg6 56. Ke5 Kg5 57. Rd4 Kg6 58. Kf4 Kf6 59. Re4
Kg6 60. Ke5 Kg5 61. h4+ Kg6 62. Kf4 Kh6 63. Rb4 Bc4 64. Kf5 Kg7 65. Rb2 f6 66.
Rd2 Bf7 67. Rd7 b4 68. Rc7 b3 69. Rb7 b2 70. Rxb2 Bg6+ 71. Ke6 Be4 72. Rf2 1-0

[Event "European Team-ch 2007"]
[Site "Crete GRE"]
[Date "2007.11.04"]
[Round "7.15"]
[White "Atalik, Suat"]
[Black "Drasko, Milan"]
[Result "0-1"]
[WhiteElo "2599"]
[BlackElo "2557"]
[PlyCount "92"]
[EventDate "2007.10.28"]
[EventType "team"]
[EventRounds "9"]
[EventCountry "GRE"]
[Source "lmi"]
[SourceDate "2007.10.28"]
[WhiteTeam "Turkey"]
[BlackTeam "MNE"]
[WhiteTeamCountry "TUR"]

1. Nf3 Nf6 2. c4 e6 3. Nc3 Bb4 4. g3 O-O 5. Bg2 Re8 6. O-O d5 7. d4 c6 8. Qb3
Bf8 9. Bg5 Nbd7 10. e4 dxc4 11. Qxc4 Qb6 12. a3 h6 13. Be3 Ng4 14. Bc1 e5 15.
d5 Qc5 16. Qe2 Nb6 17. Rd1 Bd7 18. Qe1 cxd5 19. Nxd5 Nxd5 20. Rxd5 Qc7 21. h3
Nf6 22. Rd3 Qc2 23. Rd2 Qb3 24. Re2 Rad8 25. Bd2 Bxh3 26. Bc3 Bxg2 27. Kxg2 Ng4
28. Nd2 Qe6 29. f3 Nf6 30. Nf1 Bc5 31. Rd1 Rxd1 32. Qxd1 Bb6 33. Rd2 Qc8 34.
Rd3 Nh7 35. Rd5 Ng5 36. g4 f6 37. Ng3 Ne6 38. Ne2 Qc4 39. Rd7 Qc5 40. Be1 Nf4+
41. Kh2 Qe3 42. Nxf4 Qg1+ 43. Kh3 Qh1+ 44. Kg3 exf4+ 45. Kxf4 Re5 46. Kg3 h5
0-1

[Event "European Team-ch 2007"]
[Site "Crete GRE"]
[Date "2007.11.04"]
[Round "7.15"]
[White "Blagojevic, Dragisa"]
[Black "Esen, Baris"]
[Result "1/2-1/2"]
[WhiteElo "2513"]
[BlackElo "2453"]
[PlyCount "41"]
[EventDate "2007.10.28"]
[EventType "team"]
[EventRounds "9"]
[EventCountry "GRE"]
[Source "lmi"]
[SourceDate "2007.10.28"]
[WhiteTeam "MNE"]
[BlackTeam "Turkey"]
[BlackTeamCountry "TUR"]

1. d4 d5 2. c4 c6 3. Nc3 Nf6 4. e3 e6 5. Nf3 Nbd7 6. Bd3 dxc4 7. Bxc4 b5 8. Be2
Bb7 9. O-O b4 10. Na4 c5 11. dxc5 Nxc5 12. Qxd8+ Rxd8 13. Bb5+ Ncd7 14. a3 a6
15. Be2 Ne4 16. Nd4 bxa3 17. b3 Ndc5 18. Nxc5 Bxc5 19. Bxa3 Bxd4 20. exd4 Nd2
21. Rfd1 1/2-1/2

[Event "European Team-ch 2007"]
[Site "Crete GRE"]
[Date "2007.11.04"]
[Round "7.15"]
[White "Erdogdu, Mert"]
[Black "Kosic, Dragan"]
[Result "1/2-1/2"]
[WhiteElo "2440"]
[BlackElo "2482"]
[PlyCount "38"]
[EventDate "2007.10.28"]
[EventType "team"]
[EventRounds "9"]
[EventCountry "GRE"]
[Source "lmi"]
[SourceDate "2007.10.28"]
[WhiteTeam "Turkey"]
[BlackTeam "MNE"]
[WhiteTeamCountry "TUR"]

1. e4 e6 2. d4 d5 3. Nc3 Nf6 4. Bg5 dxe4 5. Nxe4 Nbd7 6. Nf3 h6 7. Nxf6+ Nxf6
8. Be3 Nd5 9. Bd3 Bd7 10. O-O Bd6 11. Bd2 Bc6 12. Re1 Nf4 13. Bf1 Qf6 14. Ne5
Bxe5 15. dxe5 Qh4 16. Bxf4 Qxf4 17. Re3 Rd8 18. Qe1 O-O 19. c4 b6 1/2-1/2

[Event "European Team-ch 2007"]
[Site "Crete GRE"]
[Date "2007.11.04"]
[Round "7.16"]
[White "Weiss, Christian"]
[Black "Brunello, Sabino"]
[Result "0-1"]
[WhiteElo "2460"]
[BlackElo "2489"]
[PlyCount "120"]
[EventDate "2007.10.28"]
[EventType "team"]
[EventRounds "9"]
[EventCountry "GRE"]
[Source "lmi"]
[SourceDate "2007.10.28"]
[WhiteTeam "Austria"]
[BlackTeam "Italy"]
[WhiteTeamCountry "AUT"]
[BlackTeamCountry "ITA"]

1. c4 Nf6 2. Nf3 e6 3. g3 d5 4. Bg2 Be7 5. O-O O-O 6. Qc2 dxc4 7. Ne5 Nd5 8.
Qxc4 f6 9. Nf3 Nb6 10. Qc2 c5 11. d3 Bd7 12. Be3 Na6 13. Nc3 Rc8 14. Rac1 Kh8
15. Qb1 e5 16. Ne1 Bc6 17. f4 exf4 18. gxf4 Bxg2 19. Nxg2 f5 20. Bf2 Nc7 21. e4
Ne6 22. Ne2 fxe4 23. dxe4 c4 24. Rcd1 Qe8 25. Kh1 Qc6 26. Bg3 Nc5 27. Nc3 Nd3
28. Ne1 Bf6 29. Nxd3 Bxc3 30. Nf2 Bf6 31. Kg1 c3 32. bxc3 Na4 33. Qc2 Nxc3 34.
Rd3 b5 35. Re1 Qc4 36. e5 Bd8 37. f5 Nxa2 38. Qxc4 bxc4 39. Ra3 Nb4 40. Ne4 Nc2
41. Rf3 Nxe1 42. Bxe1 Bb6+ 43. Kg2 Bd4 44. e6 c3 45. Nxc3 g6 46. Rd3 Bg7 47. e7
Rfe8 48. Nd5 gxf5 49. Bb4 Kg8 50. Ne3 f4 51. Nf5 Be5 52. Rd5 Bb8 53. Nd4 Kf7
54. Kf3 Rxe7 55. Bxe7 Kxe7 56. Rh5 Kd6 57. Kxf4 Rf8+ 58. Ke4 Rf7 59. Rd5+ Kc7
60. Rc5+ Kb7 0-1

[Event "European Team-ch 2007"]
[Site "Crete GRE"]
[Date "2007.11.04"]
[Round "7.17"]
[White "Nyback, Tomi"]
[Black "Muir, Andrew J"]
[Result "1-0"]
[WhiteElo "2565"]
[BlackElo "2367"]
[PlyCount "69"]
[EventDate "2007.10.28"]
[EventType "team"]
[EventRounds "9"]
[EventCountry "GRE"]
[Source "lmi"]
[SourceDate "2007.10.28"]
[WhiteTeam "Finland"]
[BlackTeam "Scotland"]
[WhiteTeamCountry "FIN"]
[BlackTeamCountry "SCO"]

1. d4 d5 2. c4 e6 3. Nc3 c6 4. e4 dxe4 5. Nxe4 Bb4+ 6. Bd2 Qxd4 7. Bxb4 Qxe4+
8. Be2 Na6 9. Bd6 Qxg2 10. Qd2 Nf6 11. Bf3 Qg6 12. Ne2 e5 13. Bxe5 O-O 14. Rg1
Ng4 15. Bc3 Nc5 16. O-O-O Bf5 17. Bxg4 Nd3+ 18. Kb1 Bxg4 19. Rxg4 Qxg4 20. Rg1
Qxg1+ 21. Nxg1 Rad8 22. a3 f6 23. Qc2 Rfe8 24. Nf3 c5 25. h4 b6 26. h5 h6 27.
Nh4 Re4 28. Nf5 Rg4 29. Qe2 Rg1+ 30. Kc2 Rg2 31. Qe7 Rxf2+ 32. Kb3 Nc1+ 33. Ka4
b5+ 34. cxb5 Rf4+ 35. b4 1-0

[Event "European Team-ch 2007"]
[Site "Crete GRE"]
[Date "2007.11.04"]
[Round "7.17"]
[White "Ruxton, Keith"]
[Black "Agopov, Mikael"]
[Result "1/2-1/2"]
[WhiteElo "2314"]
[BlackElo "2440"]
[PlyCount "110"]
[EventDate "2007.10.28"]
[EventType "team"]
[EventRounds "9"]
[EventCountry "GRE"]
[Source "lmi"]
[SourceDate "2007.10.28"]
[WhiteTeam "Scotland"]
[BlackTeam "Finland"]
[WhiteTeamCountry "SCO"]
[BlackTeamCountry "FIN"]

1. Nf3 Nf6 2. c4 c5 3. Nc3 d5 4. cxd5 Nxd5 5. d4 Nxc3 6. bxc3 g6 7. Bg5 Bg7 8.
e3 Qa5 9. Qd2 Nc6 10. Rb1 cxd4 11. cxd4 Qxd2+ 12. Nxd2 h6 13. Bh4 b6 14. Bb5
Bd7 15. O-O Na5 16. Ba6 Bc8 17. Be2 g5 18. Bg3 O-O 19. Rfc1 Bf5 20. Rb5 Bd7 21.
Rb2 Rfc8 22. Rbc2 Rxc2 23. Rxc2 Rc8 24. Rxc8+ Bxc8 25. h4 Bb7 26. hxg5 hxg5 27.
Bb8 Nc6 28. Bf3 Nxb8 29. Bxb7 e5 30. d5 Nd7 31. Nc4 b5 32. Nd6 Nc5 33. Bc8 a6
34. Ne8 Bf8 35. Nc7 Bd6 36. Nxa6 Ne4 37. a3 Bxa3 38. Nc7 Nd6 39. Bd7 b4 40. Ba4
Kf8 41. Na6 Ne4 42. Bc2 Nd2 43. Nc5 Ke7 44. Nb3 Nc4 45. Kf1 Kd6 46. e4 Bb2 47.
Bd3 Nb6 48. g4 Bd4 49. f3 Na4 50. Ke2 Nc5 51. Nxc5 Kxc5 52. d6 Kxd6 53. Bc4 f6
54. Kd3 Kc5 55. Bb3 Bf2 1/2-1/2

[Event "European Team-ch 2007"]
[Site "Crete GRE"]
[Date "2007.11.04"]
[Round "7.17"]
[White "Karttunen, Mika"]
[Black "Grant, Jonathan"]
[Result "1-0"]
[WhiteElo "2427"]
[BlackElo "2261"]
[PlyCount "87"]
[EventDate "2007.10.28"]
[EventType "team"]
[EventRounds "9"]
[EventCountry "GRE"]
[Source "lmi"]
[SourceDate "2007.10.28"]
[WhiteTeam "Finland"]
[BlackTeam "Scotland"]
[WhiteTeamCountry "FIN"]
[BlackTeamCountry "SCO"]

1. d4 Nf6 2. Bg5 e6 3. e4 h6 4. Bxf6 Qxf6 5. Nc3 Bb4 6. e5 Bxc3+ 7. bxc3 Qe7 8.
Bd3 c5 9. Qg4 Qg5 10. Qe4 f5 11. exf6 Qxf6 12. Nf3 d5 13. Qg6+ Qxg6 14. Bxg6+
Ke7 15. c4 dxc4 16. O-O-O Nc6 17. dxc5 Rd8 18. Be4 Rxd1+ 19. Rxd1 Bd7 20. Kb2
Rc8 21. Kc3 Na5 22. Ne5 Be8 23. Kb4 b6 24. cxb6 axb6 25. f4 Rc5 26. Kc3 g5 27.
g3 Rc7 28. Rb1 b5 29. fxg5 hxg5 30. Nf3 Kf6 31. Nd4 Nb7 32. Bxb7 Rxb7 33. a4
b4+ 34. Rxb4 Rxb4 35. Kxb4 e5 36. Nb5 Bg6 37. Na3 Bh7 38. a5 Kf5 39. Nxc4 Kg4
40. Nxe5+ Kh3 41. Nf7 Bxc2 42. Nxg5+ Kg4 43. Ne6 Kh3 44. a6 1-0

[Event "European Team-ch 2007"]
[Site "Crete GRE"]
[Date "2007.11.04"]
[Round "7.17"]
[White "Morrison, Graham"]
[Black "Keskinen, Sauli"]
[Result "1/2-1/2"]
[WhiteElo "2322"]
[BlackElo "2298"]
[PlyCount "49"]
[EventDate "2007.10.28"]
[EventType "team"]
[EventRounds "9"]
[EventCountry "GRE"]
[Source "lmi"]
[SourceDate "2007.10.28"]
[WhiteTeam "Scotland"]
[BlackTeam "Finland"]
[WhiteTeamCountry "SCO"]
[BlackTeamCountry "FIN"]

1. d4 f5 2. g3 Nf6 3. Bg2 e6 4. Nf3 Be7 5. O-O O-O 6. c4 d6 7. Nc3 Qe8 8. b3 c6
9. Bb2 Na6 10. e3 Rb8 11. Qe2 Ne4 12. Nxe4 fxe4 13. Nd2 d5 14. f3 exf3 15. Nxf3
b5 16. c5 Qh5 17. Rf2 Bd7 18. Ne5 Qxe2 19. Rxe2 Be8 20. e4 Bf6 21. exd5 exd5
22. Rae1 Nb4 23. a3 Bxe5 24. axb4 Bf6 25. Ra1 1/2-1/2

[Event "European Team-ch 2007"]
[Site "Crete GRE"]
[Date "2007.11.04"]
[Round "7.18"]
[White "Berend, Fred"]
[Black "Jones, Richard S"]
[Result "0-1"]
[WhiteElo "2344"]
[BlackElo "2327"]
[PlyCount "108"]
[EventDate "2007.10.28"]
[EventType "team"]
[EventRounds "9"]
[EventCountry "GRE"]
[Source "lmi"]
[SourceDate "2007.10.28"]
[WhiteTeam "Luxembourg"]
[BlackTeam "Wales"]
[WhiteTeamCountry "LUX"]
[BlackTeamCountry "WLS"]

1. e4 c5 2. Nc3 Nc6 3. Bb5 Nd4 4. Bc4 e6 5. Nf3 Nf6 6. O-O a6 7. d3 b5 8. Bb3
d6 9. Nxd4 cxd4 10. Ne2 Qb6 11. a4 Bb7 12. Bg5 Be7 13. axb5 axb5 14. Rxa8+ Bxa8
15. Qe1 Qc5 16. Bh4 Bb7 17. f3 e5 18. Bf2 Qc7 19. c3 dxc3 20. Nxc3 Bc6 21. Qa1
O-O 22. Qa2 Qb7 23. Ra1 b4 24. Nd5 Nxd5 25. Bxd5 Bxd5 26. Qxd5 Qxd5 27. exd5
Rc8 28. Be1 b3 29. Ra3 Rb8 30. Bc3 f5 31. Kf2 Rb5 32. Ke2 Kf7 33. Ra5 Rxa5 34.
Bxa5 Bf6 35. Kd2 e4 36. dxe4 fxe4 37. fxe4 Bxb2 38. Bb4 Be5 39. h3 Kf6 40. Kd3
Kg5 41. Bd2+ Kh5 42. Be1 Kg6 43. Bb4 Kf6 44. Ba5 Bd4 45. Be1 b2 46. Kc2 Ke5 47.
Bg3+ Kxe4 48. Bxd6 Kxd5 49. Bf4 Ke4 50. Bg5 Bc3 51. Be7 Ke3 52. h4 Kf2 53. h5
Kxg2 54. h6 gxh6 0-1

[Event "European Team-ch 2007"]
[Site "Crete GRE"]
[Date "2007.11.04"]
[Round "7.18"]
[White "Kett, Tim"]
[Black "Brittner, Serge"]
[Result "0-1"]
[WhiteElo "2257"]
[BlackElo "2274"]
[PlyCount "148"]
[EventDate "2007.10.28"]
[EventType "team"]
[EventRounds "9"]
[EventCountry "GRE"]
[Source "lmi"]
[SourceDate "2007.10.28"]
[WhiteTeam "Wales"]
[BlackTeam "Luxembourg"]
[WhiteTeamCountry "WLS"]
[BlackTeamCountry "LUX"]

1. e4 e6 2. d4 d5 3. Nc3 Bb4 4. e5 c5 5. a3 Bxc3+ 6. bxc3 Ne7 7. Nf3 Nbc6 8.
Bd3 Qa5 9. O-O b6 10. c4 dxc4 11. Bxc4 cxd4 12. Bd2 Qc5 13. Qe2 O-O 14. Rfb1
Ng6 15. Bb4 Nxb4 16. axb4 Qc7 17. Bd3 Bb7 18. Bxg6 Bxf3 19. Bxh7+ Kxh7 20. gxf3
Qc6 21. Qd3+ Kg8 22. Qxd4 Qxf3 23. Rb3 Qf5 24. Rg3 Rfd8 25. Qe3 Qxc2 26. Qg5
Qh7 27. Kh1 Rd3 28. f3 Rad8 29. Rxa7 Rd1+ 30. Rg1 Rxg1+ 31. Kxg1 Qb1+ 32. Kg2
Qc2+ 33. Kg3 Qd1 34. Qe7 Qg1+ 35. Kh3 Qf1+ 36. Kg3 Qg1+ 37. Kh3 Rf8 38. Rd7
Qf1+ 39. Kg3 Qe1+ 40. Kf4 Qc1+ 41. Kg3 Qg1+ 42. Kh3 Qf2 43. Kg4 Qxh2 44. Rd8
Qg1+ 45. Kh3 Rxd8 46. Qxd8+ Kh7 47. Qh4+ Kg6 48. Qe4+ f5 49. exf6+ Kxf6 50.
Qf4+ Kg6 51. Qe4+ Kf7 52. f4 Qf1+ 53. Kg3 Qb5 54. Qd4 Qc6 55. Qe5 b5 56. Qh5+
Kg8 57. Qe5 Qd5 58. Qb8+ Kh7 59. Qf8 Qf5 60. Qc5 Kg6 61. Qe7 Qd5 62. Qe8+ Kf5
63. Qf7+ Ke4 64. Qxg7 Qd3+ 65. Kh4 Kxf4 66. Qg5+ Ke4 67. Qg6+ Kd4 68. Qg1+ Kc4
69. Qc5+ Kb3 70. Qe7 Qd4+ 71. Kg3 e5 72. Kf3 e4+ 73. Ke2 Qxb4 74. Kd1 Qxe7 0-1

[Event "European Team-ch 2007"]
[Site "Crete GRE"]
[Date "2007.11.04"]
[Round "7.18"]
[White "Weber, Jean-Marie"]
[Black "Morris, Charles F"]
[Result "0-1"]
[WhiteElo "2248"]
[BlackElo "2198"]
[PlyCount "58"]
[EventDate "2007.10.28"]
[EventType "team"]
[EventRounds "9"]
[EventCountry "GRE"]
[Source "lmi"]
[SourceDate "2007.10.28"]
[WhiteTeam "Luxembourg"]
[BlackTeam "Wales"]
[WhiteTeamCountry "LUX"]
[BlackTeamCountry "WLS"]

1. d4 d5 2. c4 e6 3. Nc3 c5 4. cxd5 exd5 5. Nf3 Nc6 6. g3 Nf6 7. Bg2 Be7 8. O-O
O-O 9. Bg5 cxd4 10. Nxd4 h6 11. Be3 Re8 12. h3 Na5 13. Nb3 Be6 14. Nxa5 Qxa5
15. Bd4 Rac8 16. Qd3 a6 17. Bxf6 Bxf6 18. Nxd5 Bxb2 19. Rab1 Rcd8 20. e4 Be5
21. Rxb7 Qxa2 22. f4 Bd6 23. Kh1 Bc5 24. Qf3 Bxd5 25. exd5 Re3 26. Qg4 Re2 27.
Qh5 Rf8 28. Qf3 Rfe8 29. Qh5 g6 0-1

[Event "European Team-ch 2007"]
[Site "Crete GRE"]
[Date "2007.11.04"]
[Round "7.18"]
[White "Trevelyan, John"]
[Black "Gengler, Pierre"]
[Result "0-1"]
[WhiteElo "2191"]
[BlackElo "2195"]
[PlyCount "146"]
[EventDate "2007.10.28"]
[EventType "team"]
[EventRounds "9"]
[EventCountry "GRE"]
[Source "lmi"]
[SourceDate "2007.10.28"]
[WhiteTeam "Wales"]
[BlackTeam "Luxembourg"]
[WhiteTeamCountry "WLS"]
[BlackTeamCountry "LUX"]

1. Nf3 Nf6 2. c4 c5 3. Nc3 e6 4. e3 b6 5. Be2 Be7 6. O-O Bb7 7. d4 O-O 8. b3 d6
9. Bb2 Nbd7 10. Qc2 Rc8 11. Rfd1 Qc7 12. Rac1 Qb8 13. e4 cxd4 14. Nxd4 Qa8 15.
f3 a6 16. Qd2 Rfd8 17. Nc2 Nf8 18. Ne3 Ng6 19. Bf1 Bc6 20. a4 a5 21. Qf2 Bb7
22. Kh1 Nd7 23. Ba3 Nc5 24. Qc2 Bg5 25. Bxc5 Rxc5 26. Qf2 Ne7 27. Rd3 Nc6 28.
Rcd1 Be7 29. Nb5 Nb4 30. R3d2 Qb8 31. g3 d5 32. exd5 exd5 33. cxd5 Nxd5 34. Bc4
Nxe3 35. Rxd8+ Bxd8 36. Qxe3 Bg5 37. Qd3 Qa8 38. Kg2 Be7 39. Re1 Bf8 40. Re3
Bd5 41. Nc7 Bxc4 42. Nxa8 Bxd3 43. Rxd3 Rc6 44. Rd8 g6 45. Rb8 Kg7 46. Nxb6
Rc2+ 47. Kh3 h5 48. Rc8 Rb2 49. Nc4 Rxb3 50. Nxa5 Rxf3 51. Nc4 Rf2 52. a5 Ra2
53. Rb8 Ra4 54. Rc8 g5 55. g4 h4 56. Rc6 Bb4 57. a6 Ra2 58. Ne5 Bd2 59. Nf3 Bf4
60. Rb6 Ra3 61. Kg2 h3+ 62. Kxh3 Rxf3+ 63. Kg2 Ra3 64. Rc6 Ra2+ 65. Kf3 Rxh2
66. Rc4 Ra2 67. Rc6 Ra4 68. Rb6 Be5 69. Rb5 Bf4 70. Rb6 Kf8 71. Rc6 Ke7 72. Rb6
Kd8 73. Rf6 Kc8 0-1